000 00616nam a22001817a 4500
005 20251108175258.0
008 250721s2014 xx 000 0 ara d
082 1 4 _a302.2/بسي
100 1 _aبسيوني، راندة عاشور
245 1 0 _aدور مواقع القنوات التليفزيونية الإخبارية ...... /
264 1 _aالقاهرة :
_bالمكتب العربي للمعارف،
_c2014.
300 _a173ص.
650 1 7 _aوسائل الاتصال الجماهيري
650 1 7 _aالثورات
650 1 7 _aالبلدان العربية
942 _2ddc
_cBK
999 _c130380
_d130380